Hedge investičné fondy

Definícia zaisťovacích fondov (hedge funds). Fungovanie týchto fondov v USA. Investičné stratégie. Investori, služby a finančné nástroje. Inštitucionálni investori - univerzity a dôchodkové fondy.

Gespeichert in:
Bibliographische Detailangaben
1. Verfasser: Bačišin, Vladimír
Format: Buchkapitel
Sprache:Slowakisch
Schlagworte:
Tags: Tag hinzufügen
Keine Tags, Fügen Sie das erste Tag hinzu!

MARC

LEADER 00000naa$a2200000$$$4500
001 0024505
005 20231009070228.9
041 0 |a slo 
044 |a SK 
245 1 0 |a Hedge investičné fondy  |c Vladimír Bačišin 
520 |a Definícia zaisťovacích fondov (hedge funds). Fungovanie týchto fondov v USA. Investičné stratégie. Investori, služby a finančné nástroje. Inštitucionálni investori - univerzity a dôchodkové fondy. 
610 2 0 |a investície 
610 2 0 |a fondy investičné 
610 2 0 |a hedging 
610 2 0 |a investori 
610 2 0 |a trh finančný 
610 2 0 |a prostriedky peňažné 
610 2 0 |a kapitál 
610 2 0 |a riziko 
610 2 0 |a výnosy 
100 1 |a Bačišin, Vladimír